000 00557nam a2200217Ia 4500
003 OSt
005 20220923230822.0
006 a|||||r|||| 00| 0
007 ta
008 Pun
024 _a305,835
037 _cTextual
040 _aARTS
_cARTS
_bPun
041 _2Pun
_aPun
082 _aQ8441:21z7, 153L7
100 _aਹਰਿਭਜਨ ਸਿੰਘ
245 0 _aਵਿFੇF ਗੁਰਮਤਿ ਲੇਖ
260 _c1977
942 _hQ8441:21z7, 153L7
_cTEXL
_2CC
999 _c387622
_d387622